000 00587nam a2200157 a 4500
001 000040154
005 20201002033942.0
008 130809s1909 sp 000 0 spa d
040 _aDO-SdBNP
_bspa
_cBNPHU
082 _axxx
_bxxx
100 1 _aSoler y Meriño, Mariano A.
_d1877-1899
_966427
245 1 0 _aFlores tropicales :
_bensayos literarios /
_cMariano A Soler y Merinó.
260 _aMadrid :
_bImprenta de Bailly-Bailliére e Hijos,
_c1909.
300 _a159 p. ;
_c18 cm.
500 _aPrecedidas de unas notas biográficas por Rafael A. Deligne y un proemio por Gastón F. Deligne.
999 _c39644
_d39644